Statistics for Every Uncharted Game

Click here to take the quiz!

General Stats

  • This quiz has been taken 153 times
    (96 since last reset)
  • The average score is 6 of 9

Answer Stats

Release YearConsoleTypeUncharted Game% Correct
2007PS3Main SeriesUncharted: Drake’s Fortune
94%
2009PS3Main SeriesUncharted 2: Among Thieves
90%
2011PS3Main SeriesUncharted 3: Drake’s Deception
88%
2016PS4Main SeriesUncharted 4: A Thief’s End
88%
2017PS4Spin-OffUncharted: The Lost Legacy
74%
2012PSVITASpin-OffUncharted: Golden Abyss
54%
2015PS4CollectionUncharted: The Nathan Drake Collection
54%
2022PS5CollectionUncharted: Legacy Of Thieves Collection
32%
2016MobileSpin-OffUncharted: Fortune Hunter
17%

Score Distribution

Percentile by Number Answered

Percent of People with Each Score

Your Score History

You have not taken this quiz since the last reset